00634nam a2200193Ia 4500001002200000003000900022008004100031040002300072041001300095100002500108240004200133245003400175250001500209260002600224300001900250490001700269501012400286700003000410848-BEA si me (15622)IT-MiSPE171229s9999||||xx |||||||||||||| ||und|| aIT-MiSPEcIT-MiSPE aITALIANO aSimone de Beeauvoir  aMémoires d'une jeune fille rangée 0aMemorie d'una ragazza perbene a1a ed. (v) aTorinobEinaudic1978 a371 p. c20 cm aStruzziv165 aEdizioni San Paolo srl - Piazza Soncino, 5 - 20092 CINISELLO BALSAMO (MI) (non commercial uses only) ® Copyright 2018 aBruno Fonzig(traduzione)